1145 1860 1452 1779 1570 1306 1930 1935 1997 1487 1883 1076 1249 1077 1171 1223 1524 1008 1397 1017 1584 1839 1351 1322 1448 1427 1527 1307 1957 1948 1906 1444 1253 1405 1239 1618 1747 1337 1229 1446 1468 1007 1376 1772 1699 1459 1890 1033 1355 1794 1862 1419 1869 1708 1415 1775 1026 1880 1097 1734 1370 1401 1095 1402 1874 1046 1607 1344 1221 1574 1205 1521 1131 1633 1051 1024 1559 1680 1860 1105 1277 1469 1618 1360 1866 1476 1282 1302 1397 1641 1301 1869 1090 1515 1631 1684 1773 1792 1967 BCNSPRNW ULIB Ver.6.0+V

เปลี่ยนเป็นภาษาไทย

Change to English
 แสดงรายละเอียดบรรณานุกรม
  กลับหน้าหลัก

Brief Record : Get Marc (ISO 2709) : E-mail record : QR code < ปิดหน้าต่าง
LEADER : 00000nam 2200000uu 4500
001    13399122859
003     ULIB
008    131022s2555||||th 000 0 tha d
020    ^a9789742473785
050  4 ^aDS520^bพ451ร
100    ^aพลอยแพรวา
245    ^aเราคืออาเซียน--เวียดนาม /^cพลอยแพรวา
250    ^aพิมพ์ครั้งที่ 4
260    ^aกรุงเทพฯ :^bอมรินทร์คอมมิกส์,^c2555
300    ^a55 หน้า
440  0 ^aชุด เราคืออาเซียน
650  7 ^aประชาคมอาเซียน
650  7 ^aอาเซียน
650  7 ^aเวียดนาม
945    ^p75^l0^i034080
999    ^aทศพร
รายการนี้ยังไม่มีแท็ก
คุณยังไม่ได้ล็อกอิน คุณสามารถมีกิจกรรมร่วมกับเว็บไซต์ได้ แต่ต้องล็อกอินก่อน ::
  ล็อกอิน

รายการสื่อสารสนเทศ

ลำดับที่ ประเภท เลขเรียก/บาร์โค้ด สถานที่ สถานะ
1. การศึกษาทั่วไป
หนังสือสำรอง
สถานะ=หนังสือสำรอง
DS520 พ451ร ฉ.1 
  Barcode: 034080
ห้องสมุดวิทยาเขตสวรรค์ประชารักษ์
►หนังสือทั่วไป
บนชั้น

รายการใกล้เคียง
    ผู้แต่ง [พลอยแพรวา]

    หัวเรื่อง [ประชาคมอาเซียน]
    หัวเรื่อง [อาเซียน]
    หัวเรื่อง [เวียดนาม]

BibComment


ยังไม่เคยถูกคอมเมนท์

คอมเมนท์ทรัพยากรรายการนี้
  คอมเมนท์: เราคืออาเซียนเวี..


 Copyright 2026. Bcnsprnw @Library